Die 10 größten Städte Spaniens - Statistiken

Allgemein
  • Dieses Quiz wurde 112 mal gespielt
  • Das Durchschnittsergebnis liegt bei 7 aus 10
Antwortstatistiken
Hint Antwort % Korrekt
3.340.176 Madrid
100%
1.655.956 Barcelona
98%
804.121 Valencia
93%
684.164 Sevilla
88%
587.068 Málaga
75%
430.640 Palma
72%
683.949 Saragossa
58%
350.598 Alicante
45%
467.501 Murcia
41%
380.863 Las Palmas de Gran Canaria
31%
Keine übereinstimmenden Quizze gefunden
Verteilung der Resultate
Anzahl Personen mit jedem Resultat
Perzentil nach korrekt beantworteten Fragen
Ihre Resultats-Entwicklung
Sie haben dieses Quiz noch nicht gespielt